000 00759nam a2200229 a 4500
001 000008188
005 20250207125148.0
008 090915s2005 dr a r 000 0 spa d
020 _z9993491985
040 _aDO-SdBNP
_bspa
_cBNPHU
082 _a641.597293
_bL864c
100 1 _aLópez, Claudia
_910232
245 1 0 _aCocinar es fácil /
_cClaudia López.
246 1 4 _aCocinar es fácil
_brecetas rápidas y sanas cocina dominicana y más
260 _aSanto Domingo :
_bLetra gráfica,
_c2005.
300 _a207 p. :
_bil. ;
_c23 cm.
590 _aInventariado, 2018/BT
650 4 _aCocina dominicana
_9192
650 4 _aPreparación de alimentos
_9193
700 1 _aMinaya, Ligia,
_d1941-
_epról.
_923177
910 _aValidado. Control de calidad. MMOLINA
999 _c7963
_d7963